000 00441nam a2200181 i 4500
001 bg
100 1 _aGRUSZCZYŃSKI, Czesław
245 1 0 _aFarby graficzne /
_cCzesław Gruszczyński.
250 _aWyd. 2 zm.
260 _aWarszawa :
_bPWSZ,
_c1960.
650 9 _aFarby drukarskie
650 9 _aDrukarstwo
040 _cBPK
041 0 _apol
080 _a667.52:655.1/.3
942 _cKS
008 s pl f |000 0 pol
999 _c35586
_d35586
856 _uhttp://koha.tu.koszalin.pl/cgi-bin/koha/opac-detail.pl?biblionumber=35586
_yKatalog online BPK